[Event "Madrid"]
[Site "Madrid"]
[Date "1994.??.??"]
[Round "2"]
[White "San Segundo Carrillo, Pablo"]
[Black "Salov, Valery"]
[Result "1/2-1/2"]
[WhiteElo "2470"]
[BlackElo "2685"]
[Annotator "Dautov,R"]
[PlyCount "126"]
[EventDate "1994.05.??"]
[EventType "tourn"]
[EventRounds "9"]
[EventCountry "ESP"]
[EventCategory "15"]
[SourceTitle "CBM 041"]
[Source "ChessBase"]
[SourceDate "1994.08.01"]
[SourceVersion "1"]
[SourceVersionDate "1994.08.01"]
[SourceQuality "1"]

1. d4 Nf6 2. c4 e6 3. Nf3 b6 4. a3 Bb7 5. Nc3 d5 6. Qa4+ Qd7 7. Qb3 (7. Qxd7+
Nbxd7 8. Nb5 Bd6 $10) (7. Qc2 dxc4 8. e3 c5 $10) 7... dxc4 8. Qxc4 a6 9. Bg5
Be7 10. Rd1 O-O 11. e3 {N} (11. Qd3 Rd8 12. e4 Qe8 13. Qc2 h6 14. Be3 c5 15.
Be2 Nc6 16. h3 cxd4 17. Nxd4 Bc5 18. Nxc6 Qxc6 19. Bxc5 Qxc5 20. Bf3 Qc4 21.
Rxd8+ Rxd8 $15 {San Segundo-Lalic/Benasque op/1993}) 11... Qc8 12. Be2 Nbd7 13.
Ne5 $6 (13. O-O c5 14. dxc5 Nxc5 $10) 13... b5 (13... Bxg2 14. Rg1 Bb7 15. Bh6
Ne8 16. Nc6 $36) 14. Qb3 c5 (14... Bxg2 $1 15. Rg1 Bb7 16. Bh6 Ne8 17. Nxd7
Qxd7 18. d5 Kh8 19. dxe6 Qxe6 20. Qxe6 fxe6 21. Rd7 Bf6 22. Bf4 Bc6 $17) 15.
Nxd7 Qxd7 16. O-O (16. dxc5 Qc7 $10) 16... Qc7 $10 (16... c4 $6 17. Qc2 a5 18.
e4 Nxe4 (18... b4 19. e5 bxc3 (19... Nd5 20. Ne4 $14) 20. exf6 gxf6 21. Bh6
Rfd8 22. Qxc3 $16) 19. Bxe7 Nxc3 20. Bxf8 Nxe2+ 21. Qxe2 Qd5 22. f3 Rxf8 23.
Qe5 $16) 17. dxc5 (17. Rc1 Rac8 $10) 17... Qxc5 18. Bh4 Rfd8 19. Rxd8+ Rxd8 20.
Rd1 g5 $1 21. Rxd8+ Bxd8 22. Bg3 Ne4 (22... Nd5 $5 23. Qd1 $1 $10 {/\} Bf6 $2
24. Ne4 $16) 23. Nxe4 Bxe4 24. Qd1 Bf6 25. Bd6 $1 Qc6 26. f3 (26. Be5 $1 {>=}
Bxe5 $2 (26... Be7 27. f3 $10) 27. Qd8+ Kg7 28. Qxg5+ Kf8 29. Qxe5 $16) 26...
Bd5 27. Bg3 Bc4 (27... Kg7 28. Qd2 (28. e4 $2 Bc4 29. Bxc4 bxc4 $17) 28... Bc4
29. Bd1 $10) 28. Bxc4 bxc4 29. Be5 $1 $8 Be7 30. Qd4 Qd5 31. Kf1 (31. e4 Qb5
32. Qc3 $10) 31... Bc5 32. Qxd5 exd5 33. Bd4 Bd6 (33... Bxd4 34. exd4 $10) 34.
h3 f5 35. Ke2 Kf7 36. e4 $1 $8 (36. g4 $6 f4 37. exf4 Bxf4 $17 {/\Ke6,Be5}) (
36. Kd2 $2 Ke6 37. Bc3 f4 38. e4 dxe4 39. fxe4 Be5 $17) 36... Ke6 (36... dxe4
37. fxe4 f4 38. e5 Bc7 39. Kf3 Ke6 40. Ke4 $10) 37. exd5+ Kxd5 38. Bc3 h5 39.
Kd2 Bc5 40. Ke2 g4 41. hxg4 (41. Kd2 $2 gxh3 42. gxh3 Bd4 43. Ke2 Ke5 44. Bxd4+
$2 Kxd4 45. h4 a5 46. Kd2 a4 47. Ke2 c3 $19) 41... fxg4 42. fxg4 hxg4 43. Be1
Bd4 44. Bc3 Ke4 45. Kd2 (45. Bxd4 $2 Kxd4 46. Kd2 a5 47. a4 (47. g3 a4 48. Kc2
Ke3 $19) 47... Kc5 48. Kc3 g3 49. b3 cxb3 50. Kxb3 Kd4 $19) 45... Bb6 46. Ke2
Be3 47. Be1 Bf4 48. Bc3 Kd5 49. Kd1 Kc6 50. Kc2 Bd6 51. Kd2 Bc5 52. Bg7 Kd5 53.
Bc3 Bb6 54. Ke2 Kc6 55. Kd2 Kb5 56. Bf6 Ba5+ 57. Kc2 (57. Ke3 $2 Ka4 58. Kf4
Kb3 59. Kxg4 Bd2 60. Kf5 Bc1 61. g4 Bxb2 $17) 57... Kc6 58. Bc3 Bc7 59. Kd2
Bf4+ 60. Kc2 Kd5 61. Kd1 Be5 62. Ke2 Ke4 63. Kd2 {adj.} (63. Bxe5 $5 Kxe5 64.
Ke3 a5 65. a4 Kd5 66. g3 Ke5 67. Kd2 Kd4 68. Kc2 Ke3 69. Kc3 Kf3 70. Kxc4 Kxg3
71. b4 axb4 72. Kxb4 Kf4 73. a5 $10) 63... Bd4 1/2-1/2

[Event "Groningen"]
[Site "Groningen"]
[Date "1992.??.??"]
[Round "9"]
[White "Beliavsky, Alexander G"]
[Black "Christiansen, Larry Mark"]
[Result "1-0"]
[WhiteElo "2595"]
[BlackElo "2625"]
[Annotator "Dautov,R"]
[PlyCount "59"]
[EventDate "1992.12.??"]
[EventType "tourn"]
[EventRounds "9"]
[EventCountry "NED"]
[EventCategory "14"]
[SourceTitle "CBM 034"]
[Source "ChessBase"]
[SourceDate "1993.06.01"]
[SourceVersion "1"]
[SourceVersionDate "1993.06.01"]
[SourceQuality "1"]

1. d4 Nf6 2. c4 e6 3. Nf3 b6 4. a3 Bb7 5. Nc3 g6 6. Qc2 Bxf3 7. gxf3 Bg7 (7...
Nc6 $1 8. e3 Bg7 9. f4 O-O 10. Bg2 Na5 11. Ne2 (11. Bxa8 Qxa8 12. O-O Nxc4 $44)
11... d5 12. cxd5 exd5 13. O-O Qd7 14. Bd2 Nc4 15. Bb4 Rfc8 16. b3 Nd6 17. Bxd6
Qxd6 18. Bh3 Re8 19. b4 $14 {Pavlovic,M-Romanishin,O Erevan 1988}) (7... Nc6 8.
d5 $1 Nd4 (8... Ne5 9. f4 Nxc4 10. e4 exd5 11. e5 $16) 9. Qd1 c5 10. e3 (10.
dxc6 dxc6 11. Bg5 h6 12. Bh4 Bg7 13. Qa4 g5 14. Bg3 Nd7 15. Bg2 Nc5 16. Qd1
Ndb3 $15 {Farago,I-Brynell,S Tastrup 1990}) 10... Nf5 11. f4 $5 $14 (11. e4 Nd4
12. e5 Nh5 $13)) 8. Bg5 $1 h6 9. Bh4 g5 {N} (9... O-O 10. O-O-O $16 {Dorfman,I}
) (9... Nc6 10. O-O-O Ne7 11. d5 exd5 (11... Nf5 12. dxe6 Nxh4 13. exd7+ Kf8
14. Bh3 {Dorfman}) 12. cxd5 Nf5 13. Bg3 O-O 14. e4 Nxg3 15. hxg3 Qe7 16. f4 $16
{Dorfman,I-Romanishin,O Polanica Zdroj 1992}) 10. Bg3 Nh5 11. e3 $1 {/\Be2,f4}
(11. O-O-O d6 12. e3 Nd7 13. Be2 Nxg3 14. hxg3 c6 $14 {/\d5}) 11... d6 12. Be2
c5 $6 (12... Nd7 13. f4 Nxg3 (13... gxf4 14. Bxh5 fxg3 15. hxg3 $16) 14. hxg3 {
/\Bf3} c6 15. d5 $1 $16) 13. d5 $16 Nxg3 14. hxg3 Bxc3+ (14... Qd7 15. dxe6
fxe6 16. Qg6+ Kf8 17. O-O-O $16) 15. Qxc3 e5 16. f4 Nd7 17. fxe5 Nxe5 18. f4
Ng6 19. Bd3 Kd7 (19... Rh7 20. Bf5 $1 Qe7 21. O-O-O $16) 20. b4 $1 (20. O-O-O
$16) 20... gxf4 21. gxf4 Nh4 22. bxc5 bxc5 (22... dxc5 $142 23. O-O-O $16 {
/\e4-e5}) 23. Rb1 Rg8 24. Kf1 (24. Rb7+ Kc8 25. Rxf7 $6 Qe8 $132) 24... Ke8 25.
Bh7 $1 Rf8 26. Rb7 $18 a6 27. Qb2 Rc8 28. Kf2 Ra8 29. Rg1 Qc8 30. Bc2 1-0

[Event "Madrid"]
[Site "Madrid"]
[Date "1994.??.??"]
[Round "9"]
[White "Shirov, Alexei"]
[Black "Tiviakov, Sergei"]
[Result "0-1"]
[WhiteElo "2715"]
[BlackElo "2630"]
[Annotator "Dautov,R"]
[PlyCount "90"]
[EventDate "1994.05.??"]
[EventType "tourn"]
[EventRounds "9"]
[EventCountry "ESP"]
[EventCategory "15"]
[SourceTitle "CBM 041"]
[Source "ChessBase"]
[SourceDate "1994.08.01"]
[SourceVersion "1"]
[SourceVersionDate "1994.08.01"]
[SourceQuality "1"]

1. d4 Nf6 2. c4 e6 3. Nf3 b6 4. a3 Bb7 5. Nc3 d5 6. cxd5 Nxd5 7. e3 Be7 8. Bb5+
c6 9. Bd3 Nxc3 10. bxc3 c5 11. e4 O-O 12. O-O Nd7 13. Qe2 Rc8 14. a4 (14. Bb2
Qc7 15. Nd2 Bg5 16. a4 Rfd8 $132) (14. Bd2 Qc7 15. h4 e5 16. Rfc1 c4 17. Bc2
Rfe8 18. Ba4 exd4 19. cxd4 a6 20. Bf4 $1 Qd8 21. h5 b5 22. Bc2 h6 23. Rd1 $14 {
Dokhoian-Anastasian/Erevan/1988}) 14... cxd4 {N} (14... Qc7 15. Be3 Rfd8 16.
Nd2 Nf8 17. f4 cxd4 18. cxd4 Ng6 19. Rad1 Qc3 20. Nf3 Qb4 21. Bd2 Qd6 22. g3
Nf8 23. Be3 Rc3 24. Ne5 Qb8 25. f5 $16 {Cvitan-Nikolic,Pr/JUG-ch/1981}) 15.
cxd4 Nf6 16. Bb2 (16. Bd2 $142 $14 {/\a5}) 16... Qc7 17. Ne5 (17. Rfc1 Qf4 18.
g3 $6 Qg4 19. Re1 Bb4 20. Ne5 Qxe2 21. Rxe2 Bc3 $15) 17... Bb4 $1 18. Rac1 Qe7
$10 {/\Ba3} 19. Ba1 Nd7 (19... Ba3 20. Rxc8 Rxc8 21. f4 $36) 20. Ng4 (20. Nf3
Ba3 21. Rxc8 Rxc8 $10) (20. f4 $6 Nxe5 21. fxe5 Ba3 22. Rxc8 Rxc8 $15) 20...
Rxc1 21. Rxc1 Rc8 22. Rxc8+ Bxc8 23. Qc2 Bb7 24. e5 (24. Qc7 Nf8 25. Qb8 Bd2
26. Qxa7 (26. d5 $5 exd5 27. Qg3 Ng6 28. Qb8+ Nf8 29. Qg3 $10) 26... Qa3 27.
Qxb7 Qxa1+ 28. Bf1 Qxd4 $15) 24... Nf8 25. Ne3 Qd7 26. Bb2 (26. Bb5 Qc8 27.
Qxc8 Bxc8 28. d5 exd5 29. Nxd5 Bc5 $10) 26... Bc6 27. Qc4 a5 28. Qa6 Bxa4 29.
Qxb6 Qc6 30. Qb8 {/\Bc4,d5} (30. Qxc6 Bxc6 31. Bc4 Nd7 32. d5 exd5 33. Bxd5
Bxd5 34. Nxd5 $10 {/\Kf1-e2}) 30... Bb3 $1 31. f4 $2 (31. h3 {>=} g6 (31... Qa4
32. Qc8 Qa2 33. Qc1 $10) 32. Ng4 Kg7 33. Nf6 $13) 31... Qa4 $1 $17 {/\Qa2} 32.
Bb1 (32. Qc8 Bd2 33. Kf2 Qa2 $19) 32... Bd2 33. Kf2 Bxe3+ 34. Kxe3 Bc2 35. Bc3
(35. Bxc2 Qxc2 36. Kf3 h5 $17) 35... Qc6 $1 36. Bxc2 Qxc3+ 37. Bd3 a4 38. Qb1 (
38. Qa8 a3 39. Qa4 Qb2 40. Bc4 Qxg2 $19) 38... a3 39. g4 g6 40. h4 h6 41. h5
gxh5 42. gxh5 Nd7 $19 43. Qg1+ Kf8 44. Qb1 Ke7 45. Ke4 (45. Qa2 Nb6 $19) 45...
Kd8 $1 {/\Kc7,Nb6} 0-1

[Event "BL2-West 9596"]
[Site "Germany"]
[Date "1996.??.??"]
[Round "?.1"]
[White "Dydyshko, Viacheslav"]
[Black "Chuchelov, Vladimir"]
[Result "0-1"]
[WhiteElo "2575"]
[BlackElo "2510"]
[Annotator "Dautov,R"]
[PlyCount "78"]
[EventDate "1995.10.??"]
[EventType "team-tourn"]
[EventRounds "9"]
[EventCountry "GER"]
[SourceTitle "CBM 050"]
[Source "ChessBase"]
[SourceDate "1996.02.01"]
[SourceVersion "1"]
[SourceVersionDate "1996.02.01"]
[SourceQuality "1"]
[WhiteTeam "Plettenberg"]
[BlackTeam "Andernach"]
[WhiteTeamCountry "GER"]
[BlackTeamCountry "GER"]

1. d4 Nf6 2. c4 e6 3. Nf3 b6 4. a3 Ba6 5. Qc2 Bb7 6. Nc3 c5 7. e4 cxd4 8. Nxd4
Nc6 9. Nxc6 Bxc6 10. Bf4 Bc5 11. Be2 O-O 12. Rd1 a5 13. O-O (13. Bg3 {/\e5})
13... Qe7 14. Bg3 {N} (14. e5 Nh5 $1 15. Bxh5 Qh4 16. Qe2 (16. g4 $2 Qh3 17.
Nd5 exd5 18. cxd5 Bb5 $17 {/\g6}) 16... Qxf4 17. g3 Qg5 18. Bf3 Bxf3 19. Qxf3
Qxe5 20. Rxd7 Rad8 21. Rfd1 Rxd7 22. Rxd7 Bd4 $10 {Khenkin,I-Adams,M/Elenite
1993}) 14... e5 $10 15. Rfe1 Rac8 (15... a4 $5 16. Nd5 Bxd5 17. exd5 (17. cxd5
Rfc8 $10) 17... d6 (17... Qd6 $2 18. Bf3 Rfe8 19. Qf5 $16) 18. Bh4 h6 19. Bd3
g5 20. Bg3 Nh5 $10) 16. Qb1 (16. Bh4 Bd4 17. Bd3 h6 $10) 16... Bd4 17. Nd5 Bxd5
18. exd5 a4 $1 (18... Rfe8 19. Bd3 {/\Bxh7,Rxd4} (19. Bf1 Qd8 20. b3 Nh5 $10)
19... Qd8 (19... h6 $142 $1) 20. Bh4 h6 21. b3 $14) 19. Bh4 (19. Bf1 Qc5) (19.
Bd3 h6 $1 (19... Qc5 20. Rd2 d6 21. Bh4 $14) 20. Bh4 (20. Bh7+ Nxh7 21. Rxd4
Qc5 $1 22. Rde4 (22. Bxe5 $2 f6 $19) 22... d6 $15) 20... Qd6 $10) 19... Qd6 20.
Rd3 $2 (20. Qf5 Bxb2 21. Bxf6 (21. Bd3 e4 22. Bxf6 Bxf6 23. Qxe4 g6 $10) 21...
Qxf6 22. Qxd7 Bxa3 23. Qxa4 Bc5 $10) 20... Rfe8 21. Red1 (21. Rf3 e4 22. Rh3 b5
$15) (21. Rh3 e4 $36) (21. Rdd1 b5 $15) 21... Ne4 $1 22. Rh3 f5 23. Bd3 Qg6 $17
24. Bxe4 $2 (24. Re1 Nd6 $17 {/\e4}) 24... fxe4 25. b3 Rf8 26. Re1 (26. bxa4
Rxc4 27. Qb3 Rfc8 $17) 26... Qf5 $1 $19 27. Re2 (27. Rf1 g5 28. Bg3 axb3 29.
Qxb3 e3 $19) 27... axb3 28. Qxb3 b5 $1 29. Rhe3 $2 (29. Qxb5 Rb8 $19) 29...
bxc4 30. Qc2 Bxe3 31. Rxe3 c3 32. Be7 Qxf2+ 33. Qxf2 Rxf2 34. Kxf2 c2 35. Re1
c1=Q 36. Rxc1 Rxc1 37. Ke3 Kf7 38. Bb4 Rc4 39. h3 Rd4 0-1

[Event "Las Palmas"]
[Site "Las Palmas"]
[Date "1994.??.??"]
[Round "2"]
[White "Topalov, Veselin"]
[Black "Kamsky, Gata"]
[Result "1/2-1/2"]
[WhiteElo "2640"]
[BlackElo "2695"]
[Annotator "Dautov,R"]
[PlyCount "67"]
[EventDate "1994.05.??"]
[EventType "tourn"]
[EventRounds "9"]
[EventCountry "ESP"]
[EventCategory "17"]
[SourceTitle "CBM 042"]
[Source "ChessBase"]
[SourceDate "1994.10.01"]
[SourceVersion "1"]
[SourceVersionDate "1994.10.01"]
[SourceQuality "1"]

1. d4 Nf6 2. c4 e6 3. Nf3 b6 4. a3 Ba6 5. Qc2 Bb7 6. Nc3 c5 7. e4 cxd4 8. Nxd4
Nc6 9. Nxc6 Bxc6 10. Bf4 Nh5 11. Bd2 $5 (11. Be3) 11... Qb8 (11... Bc5 $5 12.
Be2 Qh4 (12... Nf6 $2 13. e5 Ng8 14. Ne4 $16) 13. g3 Qh3 14. Bf1 Qg4 15. Bg2
$14) 12. g3 f5 (12... Bc5 13. Be2 Nf6 14. f3 $5 O-O 15. O-O-O $14) 13. Bg2 {N}
(13. Bd3 Bd6 14. O-O-O (14. f4 $1 {>=} Nf6 (14... e5 $6 15. fxe5 Bxe5 16. Rf1
f4 17. Be2 fxg3 18. Bxh5+ g6 19. Bg4 gxh2 20. O-O-O $18) 15. O-O-O {/\e5} Ng4 (
15... fxe4 16. Nxe4 Nxe4 17. Bxe4 Bxe4 18. Qxe4 O-O 19. Bc3 Rd8 20. f5 $16) 16.
Rhe1 Nf2 17. exf5 Nxd1 18. Kxd1 $16) 14... f4 $1 15. Rhe1 Be5 16. Nd5 O-O 17.
Bb4 Rf7 18. Ne7+ Kh8 19. Nxc6 dxc6 20. Bf1 {Polugaevsky-Arnason/Reykjavik/1987}
) 13... Bd6 14. f4 $1 Nf6 15. O-O-O O-O (15... Qb7 $5 16. Rhe1 O-O 17. Bh1 fxe4
18. Nxe4 Nxe4 (18... Be7 19. Bc3 $14) 19. Bxe4 Bxe4 20. Qxe4 Qxe4 21. Rxe4 Rfd8
22. Bc3 Bc5 23. b4 Bf8 24. Red4 d6 25. Kb2 $14) 16. Be3 (16. Rhe1 $5 Rc8 (16...
e5 17. Rf1 exf4 18. Bxf4 Bxf4+ 19. Rxf4 fxe4 20. Nxe4 Nxe4 21. Rxf8+ Qxf8 22.
Bxe4 $14) 17. Bh1 fxe4 18. Nxe4 Nxe4 19. Bxe4 Bxe4 20. Rxe4 (20. Qxe4 $2 b5)
20... b5 $132) 16... fxe4 17. Nxe4 Nxe4 18. Bxe4 Bxe4 19. Qxe4 Qc7 20. Rd2 Rfd8
21. Rhd1 Bf8 $10 22. Kb1 (22. Rxd7 Rxd7 23. Rxd7 Qxd7 24. Qxa8 Qd3 $10) 22...
Rac8 23. f5 $5 exf5 24. Qd5+ Kh8 25. Qxf5 Qxc4 26. Rxd7 Rxd7 27. Rxd7 Bxa3 $1
28. Bd4 (28. Rd4 Qg8 29. bxa3 Qb3+ 30. Ka1 Qxa3+ 31. Kb1 Qb3+ $10) 28... Bf8
29. Rxa7 Re8 30. Bc3 b5 31. Qf7 Qxf7 32. Rxf7 b4 33. Bd2 Kg8 34. Rb7 (34. Rb7
Re2 35. Bxb4 Bxb4 36. Rxb4 Rxh2 $10) 1/2-1/2

[Event "BL2-West 9596"]
[Site "Germany"]
[Date "1996.??.??"]
[Round "?.1"]
[White "Gurevich, Mikhail"]
[Black "Chuchelov, Vladimir"]
[Result "1-0"]
[WhiteElo "2590"]
[BlackElo "2510"]
[Annotator "Dautov,R"]
[PlyCount "113"]
[EventDate "1995.10.??"]
[EventType "team-tourn"]
[EventRounds "9"]
[EventCountry "GER"]
[SourceTitle "CBM 050"]
[Source "ChessBase"]
[SourceDate "1996.02.01"]
[SourceVersion "1"]
[SourceVersionDate "1996.02.01"]
[SourceQuality "1"]
[WhiteTeam "Godesberg"]
[BlackTeam "Andernach"]
[WhiteTeamCountry "GER"]
[BlackTeamCountry "GER"]

1. d4 {Gurevich,M} Nf6 2. c4 e6 3. Nf3 b6 4. a3 Ba6 5. Qc2 Bb7 6. Nc3 c5 7. e4
cxd4 8. Nxd4 Nc6 9. Nxc6 Bxc6 10. Bf4 Bc5 11. Be2 O-O 12. Rd1 a5 13. Bg3 Qe7 {
N TN} (13... Qc8 14. e5 (14. O-O $2 Qb7 15. Bf3 Ne8 16. Rd3 d6 17. Rb1 a4 18.
e5 dxe5 19. Bxe5 f6 $10 {Gelfand,B-Adams,M (2)/Tilburg 1992}) (14. O-O {
Gurevich,M -56/580}) 14... Ne8 15. Ne4 Be7 $1 (15... Qb7 16. Nxc5 bxc5 17. f3
Qb6 18. O-O $14) 16. O-O Qb7 17. f3 a4 18. Rd2 f5 19. exf6 gxf6 20. Rfd1 Rf7
21. Nf2 Bc5 22. Kh1 Ng7 23. Ne4 Nf5 $10 {Olafsson,H-Hjartarson,J/Reykjavik
Olafsson (04) ;CBM 49 1995}) 14. e5 Ne8 15. Ne4 (15. O-O f5 16. exf6 Nxf6 $13)
15... f5 16. exf6 Nxf6 (16... gxf6 $6 17. O-O Bxe4 18. Qxe4 Ng7 19. Qb7 $16) (
16... Bxe4 {Gurevich,M} 17. Qxe4 Nxf6 18. Qh4 $14) 17. Bd3 (17. Nxc5 $6 {
Gurevich,M} Qxc5 18. O-O (18. Bd6 Qg5 19. Bxf8 Qxg2 20. Rf1 Rxf8 $17) 18... b5
$5 (18... Ne4 19. Bd3 Nxg3 20. Bxh7+ Kh8 21. hxg3 $14) 19. Bd3 bxc4 (19... Rac8
$5) 20. Qxc4 Qh5 $132) (17. Nxf6+ Qxf6 18. O-O Rf7 $132) 17... Nxe4 (17... Rf7
$2 18. Ng5 $16) (17... Bxe4 18. Bxe4 d5 19. Bd3 (19. Bf3 Rac8 20. O-O dxc4 $10)
19... h6 (19... Rac8 20. Qe2 $14 dxc4 21. Bxc4 Bb4+ $2 22. Kf1 $16) 20. Qe2 $1
(20. O-O Nh5 $10) 20... Qf7 21. O-O Nh5 22. Be5 Rae8 23. g3 $14) (17... d5 18.
Nxc5 Qxc5 19. O-O $14) 18. Bxe4 Bxe4 19. Qxe4 $14 {Der weiße Vorteil besteht
in der Möglichkeit, die schwarzen d- und e-Bauern mit den Türmen anzugreifen.
Dagegen ist der schwarze Druck auf den Bauern f2 weniger effektiv.} Ra7 (19...
Rae8 20. O-O Rf7 21. Kh1 $1 (21. Rd2 Ref8 22. Rfd1 e5 $132 {/\d6,><f2}) 21...
Ref8 22. f3 d6 23. Rfe1 e5 24. Qd5 Kh8 25. Re4 $14) (19... d5 $5 20. cxd5 (20.
Qe2 $6 Rac8 21. cxd5 exd5 22. Qxe7 Bxe7 $132) 20... exd5 21. Qxe7 Bxe7 22. Rxd5
(22. O-O Bf6 $132) 22... Bf6 $132 23. b3 a4 $5 24. bxa4 Rfe8+ 25. Kd1 Rxa4 26.
Re1 $10) 20. O-O Qf6 21. Rd2 (21. Qe2 $5 Bd4 (21... Qf5 22. Bd6 Bxd6 23. Rxd6
Qc5 24. Rfd1 $14) 22. Rd2 e5 23. Kh1 $14 {/\f3,Bf2}) 21... Qf5 22. Qe2 (22. Re1
Qxe4 23. Rxe4 Rf5 $10 {/\Kf7-e7}) 22... d5 23. Re1 (23. Kh1 Qe4 $1 24. Qxe4
dxe4 25. Re1 Raf7 26. Rxe4 (26. Kg1 $2 e3 27. fxe3 Bxe3+ $19) 26... Bxf2 $10)
23... Raf7 24. cxd5 (24. Qxe6 $5 Qxe6 25. Rxe6 dxc4 26. a4 $1 $14 {/\Re4} (26.
Re4 c3 27. bxc3 Bxa3 $132)) (24. Kh1 Qe4 $1 $10) 24... exd5 25. Qe6 Qxe6 26.
Rxe6 Rf5 (26... Rd7 27. Kf1 Rf5 (27... Kf7 28. Re5 d4 29. Ke2 $16) 28. Ke2 Kf7
29. Rc6 Re7+ 30. Kd3 Re6 31. Rc7+ Re7 32. Rc8 Re8 $10) 27. Kf1 Kf7 28. Rc6 (28.
Rde2 d4 $10) 28... Re8 29. Re2 (29. f3 $5 a4 (29... Re4 $2 30. Rxd5 $1 Rxd5 31.
fxe4 Rd2 32. b4 $16) (29... Re6 30. Rc7+ Re7 31. Rc8 Re8 $10) 30. Rc7+ Re7 31.
Rxe7+ Kxe7 32. Ke2 $14) 29... Re4 $1 {/\30...Rc4,31...Rc1<=>} 30. Rc7+ Kg6 31.
Rd7 (31. f3 Rc4 $132) 31... a4 (31... Rc4 32. Rd2 Rc1+ 33. Ke2 d4 (33... Rg1 $6
34. R2xd5 Rxd5 35. Rxd5 Rxg2 $2 36. Kf1 $16) 34. f3 Rg1 35. Kd3 $16) (31... Rd4
32. Ke1) 32. Rxe4 (32. f3 $6 Rxe2 33. Kxe2 Bd4 $15) 32... dxe4 33. Ke2 (33. Ra7
$6 Bxf2 $17) 33... Kf6 $10 34. f3 exf3+ 35. gxf3 Ke6 $2 (35... h5 36. Be1 g5
37. Bc3+ Ke6 $10) 36. Rxg7 $16 Bd4 37. Rg4 $1 (37. Rxh7 Bxb2 $132) 37... Kd5
38. Bf2 Re5+ 39. Kf1 Bxf2 $2 (39... Bxb2 {>=} 40. Rxa4 b5 41. Ra7 $16 (41. Rb4
Bxa3 42. Rxb5+ Ke6 $14)) 40. Kxf2 b5 41. Rh4 Re7 42. Rb4 Kc5 43. f4 $18 Re6 44.
h4 (44. f5 Rf6 45. Rf4 Kd5 46. Kf3 Ke5 47. Kg4 Rf8 48. Rb4 Rg8+ 49. Kh5 Rb8 $14
) 44... Rh6 45. Kg3 Rg6+ 46. Kf3 Rf6 47. Re4 (47. Kg4 Rg6+ 48. Kf5 Rh6 49. Kg5
Rg6+ 50. Kh5 Rf6) 47... Kd5 48. Re5+ Kc4 49. Ke3 (49. f5 b4 50. Re4+ Kd3 51.
Kf4 b3 $132) 49... Rh6 50. Re4+ (50. f5 $5 Rxh4 51. f6 $18) 50... Kd5 51. f5
Rc6 52. Kf4 Rc2 53. Rb4 Rc5 (53... Kc5 54. f6 $18) 54. Re4 Rc2 55. Re5+ Kc4 56.
f6 Rxb2 57. Re3 (57. Rf5 $18) (57. Re3 Rf2+ 58. Rf3 $18 (58. Rf3 Rd2 59. f7 Rd8
60. Kg5 $18)) 1-0

[Event "Groningen PCA"]
[Site "Groningen"]
[Date "1993.??.??"]
[Round "5"]
[White "Sokolov, Ivan"]
[Black "Hansen, Curt"]
[Result "1-0"]
[WhiteElo "2610"]
[BlackElo "2590"]
[Annotator "Dautov,R"]
[PlyCount "77"]
[EventDate "1993.12.??"]
[EventType "swiss"]
[EventRounds "11"]
[EventCountry "NED"]
[SourceTitle "CBM 039"]
[Source "ChessBase"]
[SourceDate "1994.04.01"]
[SourceVersion "1"]
[SourceVersionDate "1994.04.01"]
[SourceQuality "1"]

1. d4 Nf6 2. c4 e6 3. Nf3 b6 4. Nc3 Bb7 5. a3 d5 6. Qc2 Be7 7. cxd5 Nxd5 8. Bd2
O-O 9. e4 Nxc3 10. Bxc3 c5 11. dxc5 (11. Rd1 cxd4 12. Nxd4 Qc8 13. Be2 Nc6 $10)
11... bxc5 {Eine neue Idee.Schwarz nimmt den Punkt d4 unter Kontrolle und
ermoeglicht sich eine natuerliche Figurenentwicklung.Der Preis dafuer-eine
'ewige' Schwaeche Pc5.} (11... Bxc5 12. Bd3 Nd7 13. Rd1 Qc7 14. b4 Bd6 15. Qb2
e5 16. O-O Rac8 17. Rc1 Qb8 18. Nd2 Nf6 19. Rfe1 $14 {Gelfand-Pieniazek/Arnhem/
1987}) 12. Rd1 Qc7 (12... Qb6 13. Ne5 Bf6 14. Be2 $14) 13. Bd3 Nd7 14. O-O Rfd8
15. Rfe1 h6 {N Die Entwicklung der Figuren ist beendet.Schwarz bereitet jetzt
Nf6 vor, um den Druck auf den exponierten Pe4 zu verstaerken.Vorsichtiger
waere aber 15..Nb6,um die wichtigen Felder c4 und a4 zu kontrollieren.} (15...
Nb6 16. Bf1 Rxd1 17. Rxd1 Qc6 18. Nd2 Rd8 19. Be2 h6 20. Bf3 $6 Ba6 21. e5 Qb5
$15 {Nogueiras-Granda Zuniga/Biel izt/1993}) 16. Bb5 $1 {Dieser feine Zug
leitet die zukuenftige weisse Invasion auf dem Damenfluegel ein.} Nf6 $6 (16...
a6 17. Bf1 Nb6 18. Ba5 $14) (16... Bc6 17. Qe2 Rab8 18. Bxc6 Qxc6 19. Qc4 $14 {
Der Abtausch der weissfeldrigen Laeufer ist fuer Weiss guenstig.Mit der
Eroberung des Feldes c4 steht er besser,obwohl noch sehr viel Spiel bevorsteht.
}) 17. Rxd8+ Rxd8 18. Qa4 $1 {Auch der schwache Pa7 wird unter Beschuss
genommen.Gleichzeitig droht Ba5.} a6 (18... Qb8 19. Bc6 $1 Bxc6 20. Qxc6 $16) (
18... Ra8 19. Ba5 Qc8 (19... Qb8 20. Bc6 $1) 20. Ne5 Bd6 21. Nxf7 $1 Kxf7 22.
e5 $16) 19. Bf1 Qf4 {Schwarz sucht nach Gegenspiel,aber seine Dame wird bald
ausser Gefecht gesetzt.} (19... Rd7 $2 20. Bxa6) (19... Qc6 20. Qxc6 Bxc6 21.
Nd2 $1 (21. Ne5 Bxe4 22. Bxa6 Ba8 $14) 21... Bb5 22. f3 $16 {Im Endspiel wird
die weisse Ueberlegenheit deutlicher.}) (19... Qc8 {waere wahrscheinlich noch
das Beste.} 20. Nd2 {Weiss beabsichtigt f3 und Nb3-a5,waehrend Schwarz gar
kein Gegenspiel hat und sich nur um seine Schwaechen kuemmern muss.}) 20. Be5
Qg4 21. h3 Qg6 22. Bc7 $1 {Noch ein feiner Zug.Der Rd8 wird auf eine
unbequemere Stelle verjagt.} Rc8 (22... Re8 $4 23. e5 Bxf3 24. exf6 $18) (22...
Ra8 $6 23. Ne5 Qg5 24. Nc6 Bf8 25. Na5 Bc8 (25... Ne8 26. Bg3 Qe7 27. Rd1 $18)
26. Qc6 Ra7 27. Rd1 $16) 23. Bh2 Bxe4 (23... Nxe4 $2 24. Qd7 $18) 24. Ne5 Qf5
25. Qxa6 Ra8 26. Qb6 {Weiss bekam einen gefaehrlichen Freibauern auf a3,und
sein naechstes Ziel ist, ihn in Bewegung zu setzen.Der Unterschied zwischen
den Damen ist enorm: die weisse dominiert den ganzen Damenfluegel,die schwarze
ist ausser Spiel.} Bd5 27. Qc7 $1 Kf8 (27... Re8 28. a4 $16) 28. Nc6 Bxc6 29.
Qxc6 Qd5 30. Bb5 Rd8 {Der zaehste Widerstand war nur mittels Damentauschs zu
leisten.Die chaotischen Versuche,etwas Gegenspiel zu bekommen,werden von Weiss
kuehl widerlegt.} (30... Qxc6 31. Bxc6 Ra6 32. Bb5 Ra5 33. a4 Nd5 34. b3 $16 {
/\Rc1}) 31. a4 Qd2 32. Rf1 Nd5 33. b3 Kg8 34. Bc4 $1 {/\Qb5,a5} h5 35. Qb5 Nc3
36. Qb7 Ne2+ (36... Rd7 37. Qf3 {/\a5,/\Qxh5}) 37. Kh1 (37. Bxe2 $2 Qxe2 38.
Qxe7 Rd1 $19) 37... Qc2 $4 {Offensichtlich in hochgradiger Zeitnot erleichtert
Schwarz die weisse Auf-  gabe.Die Stellung war aber schon verloren.} (37... Rd7
38. Qc6 (38. Qf3 $5 Nd4 39. Qxh5) 38... Ra7 39. Qb6 Rd7 40. a5 Bd8 41. Qb8 $18)
38. Qxe7 Rd1 39. Bxe2 {Eine von I.Sokolov sehr sauber gespielte Partie.} (39.
Bxe2 Qxe2 40. Rxd1 Qxd1+ 41. Bg1 $18) 1-0